| 000 -LEADER |
| fixed length control field |
01577nam a2200169 4500 |
| 008 - FIXED-LENGTH DATA ELEMENTS--GENERAL INFORMATION |
| fixed length control field |
191122b ||||| |||| 00| 0 eng d |
| 100 ## - MAIN ENTRY--PERSONAL NAME |
| Personal name |
Kasdin, Stuart |
| 245 ## - TITLE STATEMENT |
| Title |
Contracts, agency vulnerability, and the allocation of federal funds |
| 260 ## - PUBLICATION, DISTRIBUTION, ETC. (IMPRINT) |
| Name of publisher, distributor, etc |
American Review of Public Administration |
| 300 ## - PHYSICAL DESCRIPTION |
| Extent |
49(6), Aug, 2019: p.720-732. |
| 520 ## - SUMMARY, ETC. |
| Summary, etc |
Legislators have the potential for credit claiming from agency spending in a congressional district only when the awarded contracts or grants are sufficiently large to be noticed or appreciated. Therefore, unlike previous research on distributive politics, we examine the allocation of contracts considering the size of the contracts, not just the overall spending or the numbers of contracts per congressional district. We use a difference-in-difference analysis to evaluate how agencies altered their allocations of contracts in response to the 2006 congressional elections, in which partisan control of the Congress changed to the Democrats. We find that federal agencies responded to the election by allocating larger contracts to Democratic districts. In addition, we find that agencies whose programs received lower scores on the Bush administration’s Program Assessment Rating Tool (PART) allocated larger contracts to Democratic than Republican districts than did agencies whose programs received higher PART ratings. - Reproduced. |
| 650 ## - SUBJECT ADDED ENTRY--TOPICAL TERM |
| Topical term or geographic name as entry element |
Contracts |
| 9 (RLIN) |
13706 |
| 700 ## - ADDED ENTRY--PERSONAL NAME |
| Personal name |
Lin, Luona |
| 9 (RLIN) |
13707 |
| 773 ## - HOST ITEM ENTRY |
| Main entry heading |
American Review of Public Administration |
| 906 ## - LOCAL DATA ELEMENT F, LDF (RLIN) |
| Subject DIP |
Government purchase |
| 942 ## - ADDED ENTRY ELEMENTS (KOHA) |
| Source of classification or shelving scheme |
|
| Item type |
Articles |